[Event "Budapest FS06 GM"]
[Site "Budapest"]
[Date "1999.06.11"]
[Round "7"]
[White "Hoffmann, Michael"]
[Black "Varga, Zoltan"]
[Result "0-1"]
[WhiteElo "2407"]
[BlackElo "2518"]
[Annotator "Gershon,A"]
[PlyCount "44"]
[EventDate "1999.06.??"]
[EventType "tourn"]
[EventRounds "10"]
[EventCountry "HUN"]
[EventCategory "9"]
[SourceTitle "CBM 072"]
[Source "ChessBase"]
[SourceDate "1999.10.01"]
[SourceVersion "1"]
[SourceVersionDate "1999.10.01"]
[SourceQuality "1"]

1. e4 d6 2. d4 Nf6 3. Nc3 e5 4. f4 exd4 (4... Bg4 5. Qd3 exd4 6. Qxd4 d5 (6...
Nc6) 7. Nxd5 Nxd5 8. exd5 c6 9. Qe5+ Qe7 10. d6 Qxe5+ 11. fxe5 Nd7 12. Bf4 f6
13. exf6 Nxf6 14. h3 Bh5 15. g4 Bg6 16. O-O-O $16 {1-0 Leko,P-Zetocha,C/HUN
1998/EXT 99 (37)}) 5. Qxd4 Nc6 (5... Be7 6. Nf3 O-O 7. Be3 Re8 8. O-O-O Ng4 (
8... Nc6) 9. h3 Nxe3 10. Qxe3 c6 (10... Bf8) 11. e5 $1 d5 12. Bd3 Nd7 13. Kb1
Nf8 14. f5 Qb6 15. Qf4 Qb4 16. Qg3 $36 {1-0 Kernazhitsky,L-Lorscheid,G/
Pardubice CZE 1999 (34)}) 6. Bb5 a6 {Forcing white to take on c6.} (6... Bd7 7.
Qf2 Be7 (7... g6 8. Nf3 Bg7 9. Bd2 O-O 10. O-O-O a6 11. Bxc6 Bxc6 12. Rhe1 Re8
13. e5 Ng4 14. Qg3 Nh6 15. Ne4 Nf5 16. Qf2 Bxe4 17. Rxe4 dxe5 18. Bc3 Nd6 19.
Rxe5 $14 {1-0 Kotronias,V-Jansa,V/Gausdal 1995/CBM 47 ext (61)}) 8. Nf3 O-O 9.
O-O a6 10. Bd3 Nb4 11. Bd2 c5 $5 {[%csl Gd5]} (11... Re8) 12. e5 Nxd3 13. cxd3
Ne8 14. Nd5 Bb5 15. Ba5 Qd7 16. Nb6 Qd8 17. b4 Rb8 18. Rfd1 dxe5 19. bxc5 exf4
20. d4 Nf6 21. a4 Bc6 22. d5 Ng4 23. Qd4 Bf6 24. Qxf4 Bxa1 25. Rxa1 Bd7 26. Bc3
f6 27. h3 Nh6 28. a5 Nf7 29. Rd1 $44 {1-0 Hector,J-Zagorskis,D/Roskilde 1998/
EXT 99 (40)}) 7. Bxc6+ bxc6 8. Nf3 Be7 9. b3 $6 {I don't like the idea of
putting the bishop on b2 because it loses precious time and since white is
already behind in development it doesn't end well for him} (9. e5 $5 {White
has to play energetically, otherwise the 'e4' pawn will become weak.} c5 (9...
dxe5 10. Qxd8+ Bxd8 11. Nxe5 O-O 12. O-O Bb7 13. Na4 (13. Be3 Nd5 14. Bc5 Re8
$132 {[%cal Gd5f4,Gf7f6]}) 13... Be7 14. Be3 $16 {[%csl Gb7][%cal Ge3c5]}) (
9... Ng4 10. O-O (10. exd6 cxd6 $17 11. Qxg7 $140 $4 Bf6) 10... O-O 11. h3 Nh6
12. Qf2 $11) 10. Qd3 Nd7 11. O-O Bb7 12. exd6 cxd6 13. Nd5 Bxd5 14. Qxd5 $14 {
[%csl Gd6]}) 9... O-O 10. Bb2 d5 11. O-O-O $2 {White decides to go into a
double edged position, but black is much better prepared, and his pawn advance
with tempos, so white doesn't have any time to create his own play.} (11. e5
Nd7 12. O-O-O $13) 11... c5 12. Qd3 d4 13. Ne2 (13. Nb1 {[%cal Gb1d2,Gd2c4]}
Ng4 14. Qe2 a5 (14... Ne3 $6 15. Nxd4 Nxd1 16. Nc6 Qd7 17. Nxe7+ Qxe7 18. Rxd1
$15) 15. Nbd2 Ne3 16. Rde1 a4 $17) 13... Ng4 $1 {Underlines white's
discoordination.} 14. Rdf1 a5 15. h3 Ba6 {[%csl Ge3][%cal Gg4e3,Ga6f1,Ga5a4]}
16. c4 {[%csl Gd4][%cal Gd4d3]} Ne3 17. Rf2 a4 18. Nexd4 $5 {White finds an
interesting resource to continue the battle.} (18. Kb1 axb3 19. axb3 Bb7 $17)
18... cxd4 19. Qxd4 Qxd4 20. Bxd4 {[%csl Ge3]} axb3 21. axb3 (21. Bxe3 Bb7 $1 (
21... Bxc4) 22. Kb2 (22. axb3 Ra1+) 22... Rxa2+ 23. Kc3 (23. Kxb3 Ra3+) 23...
Bxe4 $19) 21... Rfb8 22. Re1 $2 {the final mistake} (22. Bxe3 Rxb3 23. Bd4 Bxc4
$17) 22... Ba3+ (22... Ba3+ 23. Kd2 Bb4+ 24. Bc3 Rd8+ 25. Kxe3 Bxc3 $19) 0-1

[Event "FIDE-Wch k.o."]
[Site "Las Vegas"]
[Date "1999.08.03"]
[Round "2.1"]
[White "Magem Badals, Jordi"]
[Black "Tkachiev, Vladislav"]
[Result "1/2-1/2"]
[WhiteElo "2528"]
[BlackElo "2648"]
[Annotator "Gershon,A"]
[PlyCount "74"]
[EventDate "1999.07.31"]
[EventType "k.o."]
[EventRounds "7"]
[EventCountry "USA"]
[SourceTitle "CBM 072"]
[Source "ChessBase"]
[SourceDate "1999.10.01"]
[SourceVersion "1"]
[SourceVersionDate "1999.10.01"]
[SourceQuality "1"]

1. e4 g6 2. d4 d6 3. Nf3 Nf6 4. Bd3 Bg7 5. O-O O-O 6. c3 Nc6 7. Re1 e5 8. h3 h6
9. Na3 (9. dxe5 dxe5 10. b3 Nh5 11. Bf1 Be6 12. Qxd8 Rfxd8 13. g3 Nf6 14. Nbd2
Rd7 15. Nc4 Rad8 16. Ba3 Nh7 17. g4 Bf6 18. Bc1 Kg7 19. Be3 Ng5 20. Nxg5 Bxg5
21. Bxg5 hxg5 $11 {1/2-1/2 Westerinen,H-Hillarp Persson,T/Reykjavik 1997/CBM
62 (28)}) (9. Be3 exd4 10. cxd4 Nb4 11. Nc3 Nxd3 12. Qxd3 c6 13. d5 cxd5 14.
Nxd5 Nxd5 15. Qxd5 Bxb2 16. Bxh6 Bxa1 17. Rxa1 Qf6 18. e5 dxe5 19. Bxf8 e4 20.
Re1 Be6 21. Qxe4 Rxf8 22. Qxb7 Bxa2 23. Qxa7 $16 {1/2-1/2 Macieja,B-Nevednichy,
V/Krynica 1998/CBM 67 noVC (43)}) 9... a6 (9... Nh5 10. dxe5 dxe5 11. Be3 a6
12. Bc4 Qf6 13. Nh2 Nf4 14. Qf3 Nd8 15. Bxf4 exf4 16. Bd5 c6 17. Bb3 b5 18. Nc2
Rb8 19. Nb4 Qg5 20. Nd3 Be5 21. h4 Qf6 22. Ng4 Bxg4 23. Qxg4 h5 24. Qg5 Qxg5
25. hxg5 Re8 26. a4 Nb7 27. axb5 axb5 28. Ra7 $16 {1/2-1/2 Jonkman,H-Hillarp
Persson,T/Copenhagen DEN 1999 (39)}) (9... Nd7 10. Nc2 (10. Bb5 Ne7 11. dxe5
dxe5 12. Be3 a6 13. Bf1 Kh7 14. Qd2 Ng8 15. Rad1 Qe7 16. Qd5 Ngf6 17. Qc4 c5
18. b4 cxb4 19. Qxb4 Qxb4 20. cxb4 b5 21. Nd2 Re8 22. f3 Bf8 23. Nc2 Rb8 24.
Nb3 Nb6 25. Bc5 Na4 $15 {1/2-1/2 Godena,M-Hillarp Persson,T/Bozen 1998/CBM 65
ext (25)}) 10... f5 11. dxe5 Ndxe5 12. exf5 Nxd3 13. Qxd3 Bxf5 14. Qd5+ Kh7 15.
Ncd4 Nxd4 16. Nxd4 c6 17. Qb3 Qd7 18. Nxf5 Rxf5 19. Be3 Raf8 20. Rad1 a6 21.
Re2 Re5 22. Red2 d5 23. c4 Rf3 24. cxd5 c5 25. d6 Rg5 26. Rd5 Rxg2+ 27. Kxg2
Qxh3+ 28. Kg1 Qg4+ 29. Kf1 Rh3 30. Ke1 c4 31. R5d4 Qf3 32. Qc2 Bf6 33. Rf4 Qg2
34. Rxf6 Rxe3+ 35. fxe3 Qxc2 36. d7 {1-0 Schneider,S-Hillarp Persson,T/
Copenhagen DEN 1999 (36)}) 10. Nc2 Re8 11. Bd2 Bd7 12. a4 a5 13. Na3 $6 {
Allows black to equalize easily} (13. dxe5 dxe5 14. Be3 Be6 15. Na3 Qe7 16. Qc2
$14) 13... exd4 14. Nxd4 (14. cxd4 Nb4 15. Bb1 Bc6 $11) 14... d5 (14... Nxd4 $5
15. cxd4 d5 16. e5 (16. exd5 Rxe1+ {-game}) 16... Ne4 17. Bxe4 (17. Be3 c6 $132
{[%cal Gf7f6]}) 17... dxe4 18. Rxe4 Bc6 $17) 15. exd5 Rxe1+ 16. Qxe1 Nxd4 17.
cxd4 Nxd5 18. Nc4 Bxd4 (18... b6 19. Be4 Bc6 (19... c6 20. Ne5 $14) 20. Bxg6
Qf6 21. Bd3 Qxd4 22. Qe4 Qxe4 23. Bxe4 $14) (18... c6 $15 {/-/+}) 19. Qe4 Qf6
20. Rf1 c6 (20... Bc6 $142 $17) 21. Nxa5 Re8 22. Qf3 Qxf3 23. gxf3 Bxh3 $2 {
A hurshed move that loses almost all the advantage.} (23... b6 24. Nc4 Bxh3 25.
Rb1 g5 $17) 24. Rb1 Re7 {That's the difference, now black has to waste an
important tempo to defend the pawn.} 25. Bxh6 Nb4 26. Bc4 b6 (26... Be6 27.
Bxe6 Rxe6 28. Nxb7 Re2 29. Be3 Rxb2 30. Rxb2 Bxb2 31. a5 $16) 27. Nb3 Bf5 28.
Rd1 Bxb2 29. Rd8+ Kh7 30. Be3 Bf6 $2 (30... c5 31. Rb8 Be6 $1 32. Nd2 Bc3 33.
Rxb6 Bxd2 34. Bxc5 Rc7 35. Bxb4 Bxb4 36. Bxe6 Bc5 37. Ra6 fxe6 38. Rxe6 $17)
31. Rb8 b5 32. axb5 cxb5 33. Rxb5 Nc2 34. Bc5 Rd7 35. Be2 Ne1 36. Rb6 Be6 37.
Be3 Bd8 1/2-1/2

[Event "Women-Veterans"]
[Site "Prague"]
[Date "1995.??.??"]
[Round "1"]
[White "Smyslov, Vassily V"]
[Black "Polgar, Judit"]
[Result "0-1"]
[WhiteElo "2540"]
[BlackElo "2635"]
[Annotator "Giese"]
[PlyCount "58"]
[EventDate "1995.07.??"]
[EventType "schev"]
[EventRounds "5"]
[EventCountry "CZE"]
[SourceTitle "CBM 048"]
[Source "ChessBase"]
[SourceDate "1995.10.01"]
[SourceVersion "1"]
[SourceVersionDate "1995.10.01"]
[SourceQuality "1"]

1. e4 c5 2. Nf3 Qc7 3. c3 d6 4. d4 Nf6 5. Bd3 g6 6. h3 Bg7 7. O-O O-O 8. Be3 b6
9. Nbd2 e5 10. Re1 Nc6 11. dxe5 dxe5 12. Qc2 Bb7 13. Rad1 Rad8 14. Bg5 Rd7 15.
Nf1 Rfd8 16. Ne3 Ne7 17. Bxf6 Bxf6 18. Bc4 Rxd1 19. Rxd1 Rxd1+ 20. Nxd1 Qc6 21.
Qb3 Qxe4 22. Bxf7+ Kg7 23. Ne3 Qb1+ 24. Nf1 e4 25. N3d2 Qe1 26. Be8 Bd5 {
[%cal Gd5b3,Gd5f7]} 27. Qa4 (27. c4 Bd4 28. Qg3 (28. cxd5 Qxf2+ 29. Kh2 Qg1+
30. Kg3 Be5+ 31. Kg4 Qxg2+ 32. Ng3 h5+ 33. Kg5 Qxd2+ $19) 28... Nf5 29. Qc7+
Kh8 30. Qf4 e3 $1 31. cxd5 (31. Bxg6 exf2+ 32. Kh1 (32. Kh2 Be5 $19) 32... hxg6
33. cxd5 Be5 $19) 31... exf2+ 32. Kh1 Be5 33. Qg5 Ng3+ $19) (27. Qc2 Bh4 28. g3
e3 $1 29. fxe3 Bxg3 30. e4 (30. Nb3 Bxb3 31. axb3 Nf5 32. Qg2 Nxe3 {-/+/-+ -/+/
-+} 33. Qxg3 Qxf1+ 34. Kh2 Nd1 35. Bc6 (35. Qc7+ Kh6 36. Bc6 Nxb2 37. Qxa7 Qf4+
38. Kg1 Qc1+ 39. Kh2 Qc2+ 40. Bg2 Qxb3 $19) 35... Nxb2 36. Bg2 Qf7 $19) 30...
Qf2+ 31. Kh1 Nf5 $1 $19 {[%cal Yf5e3]}) 27... Bh4 {[%csl Rf2]} 28. g3 (28. Kh1
Qxf2 $40) 28... e3 {[%cal Gd5h1]} 29. fxe3 (29. Qf4 exd2 30. Qxd2 Qxd2 31. Nxd2
Bf6 $19) 29... Bg5 {[%cal Rg5e3]} (29... Bg5 30. e4 Bxd2 31. exd5 Be3+ 32. Kg2
Qf2+ $19) 0-1

[Event "Voskresensk2"]
[Site "Voskresensk"]
[Date "1993.??.??"]
[Round "?"]
[White "Blodstein, Arkady"]
[Black "Belov, Igor"]
[Result "0-1"]
[WhiteElo "2370"]
[BlackElo "2445"]
[Annotator "Glatman,V"]
[PlyCount "56"]
[EventDate "1993.??.??"]
[EventType "tourn"]
[EventRounds "11"]
[EventCountry "RUS"]
[EventCategory "6"]
[SourceTitle "CBM 038"]
[Source "ChessBase"]
[SourceDate "1994.02.01"]
[SourceVersion "1"]
[SourceVersionDate "1994.02.01"]
[SourceQuality "1"]

1. e4 d6 2. d4 g6 3. c3 Nf6 4. Bd3 Bg7 5. Nf3 O-O 6. O-O Nc6 7. Re1 e5 8. Nbd2
(8. h3) 8... Nh5 $5 $146 (8... Nd7 9. Nb3 exd4 10. cxd4 a5 11. Bg5 Bf6 12. Bh6
Re8 13. a4 Nb4 14. Bf1 Nb6 15. h3 $14 {Aseev,K-Hickl,J Muenchen 1991 Inf 51/
111/}) 9. Nb3 Bg4 (9... h6 $5 10. h3 Qf6 11. Bf1 Nf4 12. Kh2 g5 13. g3 Ng6 14.
Be3 Nge7 15. Nfd2 Qg6 $13 {Dutreeuw,M-Speelman,J Antwerpen 1993/}) 10. Be2 $1
h6 11. h3 Bc8 (11... Bd7 12. dxe5 dxe5 13. Nc5 $16) 12. Be3 Nf4 13. Bf1 (13.
Bxf4 $5 exf4 14. Qd2 g5 15. Rad1 $13) 13... g5 14. dxe5 (14. Kh2 f5 $1 $13)
14... Nxe5 (14... dxe5 15. Qxd8 Nxd8 16. Rad1 $14) 15. Nxe5 Bxe5 16. Nd4 Qf6 $1
(16... Bd7 17. Nf5 Bxf5 18. exf5 Qf6 19. Qc2 $16) 17. Nf3 Be6 18. Nxe5 dxe5 19.
Qa4 Kh8 $1 $15 20. Kh2 g4 21. g3 (21. hxg4 $5 Qh4+ 22. Kg1 Qxg4 23. Bxf4 Qxf4
24. Re3 Rg8 25. g3 $13) 21... Nxh3 22. Bxh3 gxh3 23. f4 $8 Rg8 $1 (23... Bg4
24. Qa5 (24. f5 $5 $13) 24... b6 25. Qxe5 Qxe5 26. fxe5 $10) 24. f5 Rg4 $1 (
24... Bc8 $6 25. Qc4 c6 26. Qf1 $14) (24... Rxg3 $6 25. Kxg3 Rg8+ 26. Kf3 Bxf5
27. exf5 Qxf5+ 28. Bf4 $1 $18) 25. Qd1 (25. fxe6 $6 Rxg3 $1 26. Kxg3 (26. Rf1
Rg2+ 27. Kh1 Qg6 $19) 26... Rg8+ 27. Kh2 Rg2+ 28. Kh1 Qf3 $19) (25. Rg1 Bxf5
26. Raf1 Rag8) (25. Qb5 Rag8 26. Bf2 Bc8 $17) 25... Rag8 26. fxe6 $2 (26. Bf2
$5 Qg5 27. Re3 Bc4 28. b3 Bb5 {/\29...Bc6-/+/}) 26... Rxg3 27. exf7 Qxf7 28.
Rf1 Qg6 (28... Qg6 29. Rg1 Rg2+ 30. Kh1 Qg3 $19) 0-1

[Event "Asia-chT fin 10th"]
[Site "Kuala Lumpur"]
[Date "1993.06.??"]
[Round "3"]
[White "Ye, Jiangchuan"]
[Black "Torre, Eugenio"]
[Result "1/2-1/2"]
[WhiteElo "2540"]
[BlackElo "2540"]
[Annotator "Glatman,V"]
[PlyCount "62"]
[EventDate "1993.06.??"]
[EventType "team"]
[EventRounds "9"]
[EventCountry "MAS"]
[SourceTitle "EXT 1998"]
[Source "ChessBase"]
[SourceDate "1997.11.17"]
[SourceVersion "1"]
[SourceVersionDate "1997.11.17"]
[SourceQuality "1"]
[WhiteTeam "China"]
[BlackTeam "Philippines"]
[WhiteTeamCountry "CHN"]
[BlackTeamCountry "PHI"]

1. e4 d6 2. d4 Nf6 3. Nc3 g6 4. Be3 c6 (4... Bg7 5. Qd2 c6 (5... Ng4 $6 6. Bg5
h6 7. Bh4 c6 8. h3 Nf6 9. f4 b5 10. Bd3 b4 11. Nce2 a5 12. Nf3 Ba6 13. O-O O-O
14. f5 $16 {Ye,J-Nguyen,A Kuala Lumpur 1993/}) 6. f3 (6. Bh6 Bxh6 7. Qxh6 Qa5
8. Bd3 c5 9. d5 Nbd7 10. Nf3 b5 $1 $10 {Adams,M-Van Wely,L Debrecen 1992 Inf
56/137/}) 6... Qa5 (6... b5 7. Bh6 Bxh6 8. Qxh6 b4 9. Nd1 Qa5 10. Bd3 Ba6 $10 {
Kamsky,G-Gurevich,M Reggio Emilia Inf 51/118/}) 7. g4 (7. h4 $6 h5 8. g3 b5 9.
a4 $6 b4 10. Na2 c5 11. dxc5 dxc5 $17 {Bareev,E-Khalifman,A Bled 1991 Inf 52/
129/}) 7... b5 8. Nge2 h5 9. g5 Nfd7 10. f4 b4 11. Nd1 c5 $13 {Gelfand,
B-Nikolic,Pr Saraevo 1991 Inf 51/117/}) 5. f3 (5. Qd2 Nbd7 $5 (5... Bg7) 6. Nf3
Qa5 $5 7. Bd3 e5 8. h3 Bg7 9. O-O O-O 10. a4 Re8 11. Rfd1 $14 {Nunn,
J-Azmayparashvili,Z Wijk aan Zee 1992 Inf 56/133/}) 5... b5 (5... Nbd7 $6 6. g4
$1 Qb6 7. Qc1 $1 Bg7 8. Nge2 a6 9. h4 c5 10. h5 Rg8 11. a3 $1 $16 {Yudasin,
L-Chernin,A Pamplona 1991 Inf 53/123/}) 6. g4 $5 (6. Qd2 Nbd7 7. g4 Nb6 (7...
Bb7 8. Nge2 e5 9. g5 Nh5 10. Ng3 Nxg3 11. hxg3 $16 {Atlas,V-Pribyl,J
Liechtenstein 1992 Inf 55/128/}) 8. b3 Bg7 9. Nge2 h5 (9... a5 10. Ng3 h5 11.
g5 Nfd7 12. h4 O-O 13. Bg2 a4 14. O-O b4 15. Nce2 c5 $13 {Wang,Z-Tkachev,V
Kuala Lumpur 1993/}) 10. g5 Nfd7 11. Bg2 a5 12. O-O b4 13. Nd1 c5 14. c4 O-O
15. Nf2 Bb7 16. Rad1 cxd4 17. Bxd4 Bxd4 18. Nxd4 Nc5 $10 {Nguen,A-Torre,E
Kuala Lumpur 1993/}) 6... Bg7 7. Qd2 Qa5 8. Nge2 h5 9. g5 Nfd7 10. a3 $5 $146 (
10. f4 b4 11. Nd1 c5 12. Bg2 {Gelfand,B-Nikolic,Pr Saraevo 1991 Inf 51/117/}
Bb7 13. O-O $13) 10... Qc7 11. f4 Nb6 12. b3 e5 $5 (12... O-O $6 13. Bg2 Bb7
14. O-O a6 15. f5 $16) 13. Bg2 (13. d5 $6 cxd5 14. Bxb6 (14. Nxb5 Qc6) 14...
Qxb6 15. Nxd5 Qb7 $13) 13... exf4 14. Nxf4 O-O 15. O-O a6 16. Bf3 $5 (16. Rf2
Bb7 17. Raf1 N8d7 $13) 16... Bb7 17. Bxh5 $1 c5 $1 (17... gxh5 $2 18. Nxh5 N8d7
19. Nf6+ Bxf6 20. gxf6 Rfc8 21. Qg2+ Kf8 22. Bh6+ Ke8 23. Qg8+ $18) 18. dxc5
dxc5 19. Bf3 (19. Bxg6 $6 fxg6 20. Nxg6 (20. Ne6 Rxf1+ 21. Rxf1 Qe7 22. Nxg7
Kxg7 $17) 20... Rxf1+ 21. Rxf1 b4 $13) 19... N8d7 20. Rad1 Ne5 21. Ncd5 (21.
Bg2 Ng4 $44) 21... Nxd5 22. Nxd5 Bxd5 23. exd5 (23. Qxd5 $2 Rad8 24. Qxc5 Nxf3+
$19) 23... Qd6 $8 24. b4 $2 (24. Bg2 Ng4 25. Bf4 $16) 24... cxb4 25. axb4 Nc4
26. Bc5 Qe5 $44 27. Qc1 $8 Rac8 $5 (27... Rfe8 28. d6 $1 Rad8 29. Bd5 $14) 28.
Rfe1 (28. Bxf8 $6 Bxf8 29. Bg2 Bxb4 $17) 28... Qf5 29. Be4 Qg4+ 30. Bg2 Bb2 31.
Qb1 Qxg5 (31... Qxg5 32. Bxf8 Rxf8 33. Rd3 $13) 1/2-1/2

[Event "Hoogovens"]
[Site "Wijk aan Zee"]
[Date "1997.02.01"]
[Round "12"]
[White "Piket, Jeroen"]
[Black "Glek, Igor Vladimirovich"]
[Result "1/2-1/2"]
[WhiteElo "2640"]
[BlackElo "2620"]
[Annotator "Glek,I"]
[PlyCount "112"]
[EventDate "1997.01.18"]
[EventType "tourn"]
[EventRounds "13"]
[EventCountry "NED"]
[EventCategory "16"]
[SourceTitle "CBM 057"]
[Source "ChessBase"]
[SourceDate "1997.04.01"]
[SourceVersion "1"]
[SourceVersionDate "1997.04.01"]
[SourceQuality "1"]

1. d4 d6 $5 2. e4 $5 Nf6 3. Nc3 g6 4. Be3 c6 5. h3 (5. Qd2 b5) 5... Bg7 (5...
b5 $5) 6. a4 O-O 7. a5 (7. Nf3 $142 d5 $5 (7... a5)) 7... d5 $1 (7... Na6) 8.
e5 Ne4 9. Nxe4 (9. Bd3 Nxc3 10. bxc3 c5 {/\ Nb8-c6, >< a5}) 9... dxe4 10. Bc4 (
10. f4 exf3 11. Nxf3 c5 $15 12. d5 Nd7 13. Bf4 e6 $1) 10... c5 11. dxc5 $6 (11.
c3 cxd4 12. cxd4 Nc6 13. Qd2 $11) 11... Qc7 $1 12. e6 f5 $1 13. c3 (13. Ne2
Bxb2 $17) 13... f4 14. Bd4 Nc6 $1 (14... Rd8 $6 15. Qc2 $1 Bxd4 16. cxd4 Rxd4
17. Ne2 {/\ 18.Q:e4}) 15. Ra4 $5 Rd8 16. Ba2 Ne5 17. Qc2 Nd3+ 18. Kf1 Qc6 $1
19. Ne2 $138 Nxb2 $5 (19... Bxe6 $5 20. Bxg7 Kxg7 (20... Bxa2 $17) 21. Nd4 Rxd4
22. cxd4 Bxa2 23. b3 $5 (23. Rxa2 Nb4 24. Qb3 Nxa2 25. Qxa2 Rd8 $19) 23... Qb5
(23... f3 $5) 24. Rxa2 Nc1+ 25. Kg1 Nxa2 26. Qxa2 Rd8 $17) (19... f3 $5 $17)
20. Qxb2 Qxa4 21. Bb3 Qxa5 (21... Qb5 $1 22. Kg1 f3 23. gxf3 exf3 24. Ng3 Bxd4
25. cxd4 Qb4 $19) 22. Nxf4 Rf8 $6 (22... Qb5+ $142 23. Kg1 a5 $19) (22... Bxd4
$142 23. cxd4 Qb4 $19) (22... Bh6 $142 $19) 23. g3 Bh6 $2 (23... e3 $1 $17) 24.
Nd5 $44 Qd8 (24... Bxe6 $2 25. Nxe7+ Kf7 26. Bxe6+ Kxe6 27. Qb3+ $1 Kxe7 28.
Qxb7+ Ke6 29. Qc6+ Ke7 30. Qb7+ $11) 25. Kg2 Bxe6 26. Nc7 $1 Bf7 27. Nxa8 Qxa8
28. Qa2 $5 (28. Re1 $11) 28... b6 $2 $138 (28... Qc8 $11) 29. cxb6 e3+ 30. Kh2
e5 $5 31. Bxe5 $2 (31. Bc5 $1 $18) 31... exf2 {/\ 32... Q:h1+!} 32. Rf1 Be3 $1
33. Bxf7+ Rxf7 34. Bd4 $1 Bxd4 35. cxd4 Qb7 36. bxa7 Qxa7 37. Rxf2 Qxa2 $1 38.
Rxa2 Rf3 $1 $11 39. Ra7 Rd3 40. Rd7 Rd2+ 41. Kg1 h5 42. h4 Kf8 43. Kf1 Ke8 44.
Rg7 Rxd4 45. Rxg6 Rd5 $1 46. Rg7 Kf8 47. Rc7 Ra5 48. Rd7 Kg8 49. Kf2 Ra2+ 50.
Ke3 Ra3+ 51. Kf4 Ra4+ 52. Ke3 (52. Kg5 Rg4+ $11) 52... Ra3+ 53. Rd3 Rxd3+ 54.
Kxd3 Kf7 55. Ke4 Ke6 56. Kf4 Kf6 1/2-1/2

[Event "FIDE-Wch k.o."]
[Site "Moscow"]
[Date "2001.11.28"]
[Round "1.2"]
[White "Macieja, Bartlomiej"]
[Black "Avrukh, Boris"]
[Result "1-0"]
[WhiteElo "2582"]
[BlackElo "2606"]
[Annotator "Gofshtein,L"]
[PlyCount "61"]
[EventDate "2001.11.27"]
[EventType "k.o."]
[EventRounds "7"]
[EventCountry "RUS"]
[SourceTitle "CBM 086"]
[Source "ChessBase"]
[SourceDate "2002.02.05"]
[SourceVersion "1"]
[SourceVersionDate "2002.02.05"]
[SourceQuality "1"]

{[%mdl 36]} 1. e4 d6 2. d4 g6 3. Nf3 Bg7 (3... Nf6 4. Nc3 Bg7 5. Be2 {-B08}) 4.
c3 Nf6 5. Bd3 O-O 6. O-O {Black would get the full counterplay if White had
chose another contunation how shown in undermentioned games.} (6. Bg5 h6 (6...
Nc6 7. h3 h6 8. Be3 e5 9. Nbd2 b6 10. dxe5 Nxe5 11. Nxe5 dxe5 12. Qe2 Nh5 $1
13. O-O-O (13. g3 $5) 13... Nf4 $132) 7. Bh4 Bg4 8. Nbd2 Nh5 9. O-O Qd7 10. Re1
e5 11. h3 Nf4 $132) (6. Na3 Nbd7 (6... Nc6 7. Nc2 Re8 $1 8. O-O e5 9. Re1 h6
10. h3 Bd7 11. Bd2 Qe7 (11... a5 $1 $132 {Krasenkov}) 12. b4 Nh7 13. Be3 Qf8
14. b5 $14 {Krasenkov,M-Spraggett,K, 1991}) 7. O-O e5 8. dxe5 dxe5 9. b4 Re8
10. Nc4 Nh5 11. g3 Nb6 12. Nxb6 axb6 13. Bc4 Be6 14. Qe2 Qe7 15. Rd1 Nf6 16.
Bg5 h6 17. Bxf6 Bxf6 18. a4 Kg7 19. Nd2 h5 $10 {Krasenkov,M-Jaracz,P,Wisla BES
1992,TD 92_04}) 6... Nc6 7. Na3 {White doesn't prevent Bg4,but tries to fix
his pawn center by transfer of the knight to c2.} (7. h3 {White prevents Bg4.}
e5 8. a3 (8. Re1 Re8 9. a3 (9. Nbd2 Bd7 10. Nf1 b5 11. Ng3 (11. Bxb5 $6 Nxd4
12. Nxd4 exd4 13. Bxd7 Qxd7 14. cxd4 Nxe4 $132) 11... Qb8 {This position is
similar to the position from the Spanish,but it is more convenient for Black.}
12. Bg5 a5 $132 {0-1 Popovic,P-Beliavsky 2001}) 9... h6 10. Bc2 Nh5 11. b4 Qf6
12. d5 Ne7 13. c4 Nf4 14. Nc3 a6 {1-0 Karlsson,L-Jansa, 1988 with better
chances for White.}) 8... Nh5 $5 {Black tries to create counterplay over the
king side immediately.} 9. Be3 Qf6 10. Nbd2 Nf4 $132 {1/2-1/2 Jansa,V-Davies,
1988}) (7. d5 $5 {This move deserves attention.White captures more space over
the center and over the queenside.} Nb8 8. c4 a5 9. Nc3 Na6 $14 {1/2-1/2
Vaganian,R-Belkhodja,2001}) (7. Re1 e5 8. Na3 (8. h3 h6 9. Na3 $5 a6 10. Nc2
Nh5 11. Be3 Qf6 12. a4 Nf4 13. Bxf4 Qxf4 14. Ne3 $16 {[%csl Rd5][%cal Ye3d5]
1-0 Brodsky,M-Siebrecht,S2001}) 8... Bg4 9. Nc2 d5 $6 10. Bg5 dxe4 11. Bxe4 $36
{1/2-1/2 Rabiega,R-Polzin,R2001.}) 7... Bg4 (7... e5 8. Nc2 (8. dxe5 Nxe5 (8...
dxe5 9. Nc4 $14) 9. Nxe5 dxe5 10. Nc4 Qe7 (10... Nh5 11. g3 Bg4 12. Qc2 $14)
11. Bg5 (11. b3 Rd8 12. Ba3 Qe8 $10 {/\Ne4,Bf8}) 11... h6 12. Bh4 Qe8 $14 {
1-0 Martin,A-McNab,1992} (12... Rd8 13. Qe2 $36 {/\f4})) 8... Nh5 9. h3 h6 10.
Re1 Nf4 11. Bxf4 exf4 12. b4 g5 13. b5 Ne7 14. e5 Nf5 15. Nb4 $14 {1-0
Collinson,A-Chabanon,J 1992}) (7... Nd7 $5 8. Nc4 (8. Nc2 $5) 8... e5 9. dxe5
Ndxe5 10. Ncxe5 Nxe5 11. Nxe5 Bxe5 12. Be3 $11 {1/2:1/2,Pachman,L-Stohl,I,1991/
92}) 8. h3 Bxf3 9. Qxf3 e5 10. Nc2 {[%cal Yc2d4,Yc2e3,Ye3d5]} (10. d5 $5 Ne7
11. Nc2 Nd7 12. Ne3 $14 {1-0 Krasenkow,M-McNab, 1990}) 10... Nd7 (10... d5 $5 {
This move leads to equality; In the game Black tries to achieve more than
equal ,because the draw in this game is equalent to the loss for Avrukh.} 11.
exd5 Qxd5 12. Qxd5 Nxd5 13. Be4 Rad8 $11) 11. Be3 Kh8 {Black prepares
breakthrough f7-f5} 12. Qg3 (12. g4 $5 {Probably White could prevent f5 by 12.
g4 with better chances.} f5 13. exf5 gxf5 14. Bxf5 (14. gxf5 Nf6 15. Rfe1 Qd7
$132) 14... Ne7 15. Bg5 Bf6 16. Bh6 {Black doesn't have full compensation})
12... f5 13. f4 (13. exf5 gxf5 14. Bg5 Qe8 $13) 13... exd4 14. Nxd4 Nxd4 15.
Bxd4 Bxd4+ 16. cxd4 fxe4 17. Bxe4 c6 $11 {Those changes has led to the
equality,but White looks for the iniative.} 18. f5 g5 19. d5 (19. Qxd6 Nf6 20.
Qxd8 Raxd8 $132) 19... Ne5 {Strong outpost e5 for black knight compensates
Black's weaknesses.} (19... Qb6+ 20. Kh1 Nf6 21. Bf3 cxd5 22. Qxg5 $14) (19...
Nf6 20. Bf3) 20. dxc6 bxc6 {[%csl Rc6,Rd6]} 21. Rae1 Qf6 22. Re2 Rg8 23. Rd1 {
[%cal Yd1d6]} g4 24. h4 Rae8 $4 {[%mdl 8192] This tactical blunder leads to
the trouble for Black.} (24... Rad8 $5 $11) 25. Bxc6 $1 Rc8 (25... Nxc6 26.
Rxd6 Qxf5 27. Rxe8 Rxe8 28. Rxc6 $16) 26. Bd5 $16 Rg7 27. Be6 Rd8 28. Kh1 Rc7
29. Red2 {[%csl Yd6][%cal Yd2d6]} Rc6 30. Rd5 h6 (30... Kg7 31. b4 $16) 31.
Qxe5 $18 1-0